LEADER 01987nam a2200385 u 4500 001 000000014104 003 CaOOAMICUS 005 20070226105727.0 008 941212m19671990gw u000 u ger u 035 $a10335007 040 $aPUL(R)$bita 041 0 $ager$aheb 100 1 $aKöhler, Ludwig Hugo,$d1880-1956.$0(OLS)http://pul/name/6657 245 10$aHebräisches und aramäisches Lexikon zum Alten Testament /$cvon Ludwig Koehler und Walter Baumgartner. 250 $a3. Aufl.$bneu bearb. von Walter Baumgartner, unter Mitarbeit von Benedikt Hartmann und E. Y. Kutscher. 260 $aLeiden :$bE. J. Brill,$c1967-1990. 300 $a4 v. ;$c28 cm 500 $av.4: Neu bearbeiter von Johann Stamm. 504 $a"Abkürzungen und Zeichen" (bibliographical): pt. 1, p. [xxii]-xiv. 630 04$aBiblia.$pV.T.$xDizionari.$0(OLS)http://pul/subject/9421 650 0$aHebrew language$xDictionaries$xGerman.$2//eng$0(OLS)http://pul/subject/9992 700 1 $aStamm, Johann Jakob,$d1910-$0(OLS)http://pul/name/13115 700 1 $aBaumgartner, Walter.$0(OLS)http://pul/name/6658 850 $aPUL 852 $aPUL$W1$xSL Cons. Gen., Altre Classi 1$y1$m2004 F 20.1$j160296$nBK-PRI$qStampati$B19831$CPULBib$Z2$F19831 $82 852 $aPUL$W1$xSL Cons. Gen., Altre Classi 1$y1$m2004 F 20.2$j160297$nBK-PRI$qStampati$B159741$CPULBib$Z2$F159741 $82 852 $aPUL$W1$xSL Cons. Gen., Altre Classi 1$y1$m2004 F 20.3$j160298$nBK-PRI$qStampati$B159742$CPULBib$Z2$F159742 $82 852 $aPUL$W1$xSL Cons. Gen., Altre Classi 1$y1$m2004 F 20.4$j160300$nBK-PRI$qStampati$B159744$CPULBib$Z2$F159744 $82 941 1 $a8 961 $aINV: 0109 Fondo Ciprotti 961 $aINV: 110 Fondo Ciprotti 961 $aINV: 111 Fondo Ciprotti 961 $aINV: 112 Fondo Ciprotti 996 $6245$aHebräisches und aramäisches Lexikon zum Alten Testament$9(OLS)http://pul/title/20301 996 $6260$aLeiden :$bE. J. Brill$9(OLS)http://pul/publisher/48610 LEADER 01229nam a2200289 a 4500 001 000000125242 003 CaOOAMICUS 005 20110509150718.0 008 110509s2011 it d 000 u ita r 020 $a978-88-6244-134-6 040 $aPUL$bita 082 04$a234 100 1 $aRossi, Roberto,$d1950-$0(OLS)http://pul/name/29726 245 12$aL'intelligenza della fede :$bdodici lezioni per riflettere sulla fede /$cRoberto Rossi. 260 $aPian di Porto (Todi) :$bTau Editrice,$c©2011. 300 $aXII, 190 p. :$bgrafici ;$c23 cm 490 1 $aFedelmente ;$v16 650 4$aReligione e insegnamento.$0(OLS)http://pul/subject/339 830 0$aFedelmente ;$v16.$0(OLS)http://pul/title/141327 850 $aPUL 852 $aPUL$W1$xSL Religione 3$y85$m234 ROSRO 1$j144217$qDDC 21$B143246$CPULBib$Z2$F143246 $H116990 $82 941 1 $a9 996 $6020$a978-88-6244-134-6$9(OLS)http://pul/number/147102 996 $6082$a234$9(OLS)http://pul/classification/573 996 $6245$aL'intelligenza della fede :$bdodici lezioni per riflettere sulla fede$9(OLS)http://pul/title/157901 996 $6260$aPian di Porto (Todi) :$bTau Editrice$9(OLS)http://pul/publisher/79947